La química de los cementos / (Record no. 128932)

MARC details
000 -LEADER
campo de control de longitud fija 00731nam a2200229 i 4500
001 - NÚMERO DE CONTROL
campo de control 128932
003 - IDENTIFICADOR DE NÚMERO DE CONTROL
campo de control ES-MaACL
005 - FECHA Y HORA DE LA ÚLTIMA TRANSACCIÓN
campo de control 20230906193410.0
007 - CAMPO FIJO DE DESCRIPCIÓN FÍSICA--INFORMACIÓN GENERAL
campo de control de longitud fija t|
008 - DATOS DE LONGITUD FIJA--INFORMACIÓN GENERAL
campo de control de longitud fija 070531m19671978sp ||||1| spa d
080 ## - NÚMERO DE LA CLASIFICACIÓN DECIMAL UNIVERSAL
Número de la Clasificación Decimal Universal 666.94
100 1# - ENTRADA PRINCIPAL--NOMBRE DE PERSONA
Nombre de persona Taylor, H. F. W.
9 (RLIN) 109449
245 13 - MENCIÓN DEL TÍTULO
Título La química de los cementos /
Mención de responsabilidad, etc. por H.F.W. Taylor ; traducido por F. Romero Rossi.
260 ## - PUBLICACIÓN, DISTRIBUCIÓN, ETC.
Lugar de publicación, distribución, etc. Bilbao :
Nombre del editor, distribuidor, etc. Urmo,
Fecha de publicación, distribución, etc. [1967-1978]
300 ## - DESCRIPCIÓN FÍSICA
Extensión 2 v. :
Otras características físicas il. ;
Dimensiones 25 cm.
490 1# - MENCIÓN DE SERIE
Mención de serie Enciclopedia de la Química Industrial ;
Designación de volumen o secuencia 1, 2
650 14 - PUNTO DE ACCESO ADICIONAL DE MATERIA--TÉRMINO DE MATERIA
Término de materia o nombre geográfico como elemento de entrada Cemento.
9 (RLIN) 10875
700 1# - ENTRADA AGREGADA--NOMBRE PERSONAL
Nombre de persona Romero Rossi, Fernando.
9 (RLIN) 99438
830 0# - PUNTO DE ACCESO ADICIONAL DE SERIE-TÍTULO UNIFORME
Título uniforme Enciclopedia de la Química Industrial ;
Designación de volumen o secuencia 1, 2
9 (RLIN) 183684
852 ## - LOCALIZACIÓN
Ubicación ES-MaACL
Número de control de estantería P-1261
Sublocalización o colección R.64583
Holdings
Estatus retirado Estado de pérdida Estado de daño No para préstamo Biblioteca de origen Biblioteca actual Ubicación en estantería Fecha de adquisición Fuente de adquisición Total de préstamos Signatura topográfica completa Código de barras Visto por última vez Precio de reemplazo Tipo de ítem Koha
        Biblioteca del Ateneo de Madrid Biblioteca del Ateneo de Madrid Depósito 2 17/01/2008     P-1261 1134271 23/02/2023 23/02/2023 Libro impreso